Countries of Asia Map Quiz - Statistics

General Stats
  • This quiz has been taken 328 times
  • The average score is 23 of 50
Answers on the Map
Answers color-coded by a green-red scale on the quiz's map according to % correct below.
 
Answer Stats
Answer % Correct
China
77%
India
76%
South Korea
69%
Pakistan
67%
Indonesia
66%
Russia
62%
Kazakhstan
58%
North Korea
57%
Bangladesh
55%
Japan
55%
Mongolia
55%
Saudi Arabia
54%
Sri Lanka
54%
Nepal
53%
Taiwan
53%
Thailand
53%
Israel
51%
Yemen
51%
Afghanistan
50%
Turkey
50%
Iraq
49%
Philippines
48%
Vietnam
47%
Bhutan
45%
Iran
45%
Malaysia
45%
Syria
45%
Jordan
44%
Maldives
44%
Myanmar
44%
Oman
43%
Cambodia
42%
United Arab Emirates
42%
Cyprus
41%
Armenia
40%
Laos
40%
Timor-Leste
40%
Georgia
38%
Singapore
36%
Kuwait
35%
Uzbekistan
35%
Azerbaijan
34%
Bahrain
31%
Qatar
31%
Turkmenistan
30%
Tajikistan
29%
Kyrgyzstan
28%
Lebanon
28%
Palestine
28%
Brunei
25%
No matching quizzes found
Score Distribution
Percent of People with Each Score
Percentile by Number Answered
Your Score History
You have not taken this quiz